01498cam a22004097a 4500003000500000005001700005008004100022010001000063011001000073035001000083040000900093090001000102100003800112245008200150260004000232300002000272500001400292500006900306502009200375590003700467590004100504590004100545590004100586590004100627590004200668650002300710650003200733650002900765700003400794700003100828901000700859905002600866942001000892949004200902999001700944952012700961CHAP20220329141913.0980512d1991 mx a r 00110 spa d a75507 a76479 a86064 cCHAP aTesis00aSchouten, Ilke Elizabeth.910315710aYan Davi :bel pueblo del rayo (los cuicatecos)c/por Ilke Elizabeth Schouten aLeiden, Holanda :bEl autor,c1991. a137 p. :bilus. aFotocopia aNo trae la información sobre que universidad otorgó el grado aTesis (Maestría Estudio en Arqueología e Historia Cultural de América Indígena) aALEPHb10c20130110lUCH01h1424 aBATCH-UPDb10c20130110lUCH01h0700 aBATCH-UPDb10c20130111lUCH01h0001 aBATCH-UPDb10c20130410lUCH01h0345 aBATCH-UPDb10c20130914lUCH01h1114 aCONVERSIONb10c20130109lUCH01h134114aCuicatecos.93019214aEtnologíaxOaxaca.93866014aIndios de Oaxaca.9576440 aCaballero G., Rodrigo.9165530 aDíaz C., Valeria.933390 aBK aAlejandra Carrasco M. cTESIS bBCcTESd860641eTS1h32687i86064sb c75507d75507 00102local4051708TESISaBCbBCcPA_TESISd2019-12-31fTESISl0oTesisp860641r2019-12-31 00:00:00w2019-12-31yTESIS